| 000 | 00514nam a2200205Ia 4500 | ||
|---|---|---|---|
| 005 | 20250206050206.0 | ||
| 008 | 240331s9999 xx 000 0 und d | ||
| 020 | _a0853454159 | ||
| 082 |
_bSAF _2256 _a305.4 |
||
| 100 | _aSaffioti, H. I. B | ||
| 245 | 0 | _aWomen in Classless Society | |
| 260 |
_aNew York; _aLondon _bMonthly Review Press _c1978 |
||
| 300 | _axxiv, 378 p., | ||
| 650 | _aWomen | ||
| 650 | _aClassless Society | ||
| 650 | _aCapitalism | ||
| 650 | _aSocialism | ||
| 650 | _aHistory | ||
| 942 | _cL | ||
| 999 |
_c1700 _d1700 |
||